000 00778nam a2200301Ia 4500
005 20250425161913.0
008 250425s9999 xx 000 0 und d
020 _a3540662111
041 _aspa
082 _a384.3
100 _aCUNNINGHA, PETER
245 0 _aELECTRONIC BUSINESSREVOLUTION: OPPORTUNITIES AND CHALLENGES IN THE 21 ST CENTURY
250 _a1ST ED.
260 _aEstados Unidos
_bSPRINGER
_c1999
260 _aS.L.
300 _a236
650 _aADMINISTRACION GENERAL
650 _aADMINISTRACION GENERAL
650 _aINDUSTRIAS
650 _aINDUSTRIAS
650 _aNEGOCIOS ELECTRONICOS
650 _aNEGOCIOS ELECTRONICOS
650 _aTECNOLOGIA
650 _aTECNOLOGIA
710 _aSPRINGER
942 _c01
010 _a34368
999 _c218514
_d218514